000 00849cab a2200349 4500
001 ABS48195
008 090401t1993 xxu||||| |||| 00| 0 eng d
035 _a(Sirsi) u65418
041 _aeng
245 _aWest End and Victoria
260 _c1993
350 _a0
490 _aEstates Times
_v(1179) 5 March 1993, 13-25(11)
650 _aCRISIS 2000
650 _aHUFVUDSTADEN
650 _aKNIGHTSBRIDGE
650 _aLONDON FORUM
650 _aMAYFAIR
650 _aNETHERLANDS
650 _aOFFICES
650 _aOVER-RENTED PROPERTY
650 _aOXFORD STREET
650 _aPLANNING
650 _aRETAIL
650 _aSOHO
650 _aST JAMES
650 _aSTAMFORD BRIDGE
650 _aWESTMINSTER
690 _aPROPERTY-COMMERCIAL PROPERTY-COMMERCIAL PROPERTY MARKET
942 _n0
948 _c04/03/1997
999 _c40790
_d40790